Welcome to CU Library Online Public Access Catalogue (OPAC)

Digital design principles and computer architecture / (Record no. 8262)

MARC details
000 -LEADER
fixed length control field 00649cam a2200205 a 4500
001 - CONTROL NUMBER
control field 4470106
005 - DATE AND TIME OF LATEST TRANSACTION
control field 20251113185532.0
008 - FIXED-LENGTH DATA ELEMENTS--GENERAL INFORMATION
fixed length control field 960308s1997 njua 001 0 eng
020 ## - INTERNATIONAL STANDARD BOOK NUMBER
International Standard Book Number 0133745880
020 ## - INTERNATIONAL STANDARD BOOK NUMBER
International Standard Book Number 9780133745887
050 00 - LIBRARY OF CONGRESS CALL NUMBER
Classification number TK7874.65
Item number .K37 1996
082 00 - DEWEY DECIMAL CLASSIFICATION NUMBER
Classification number 004.2/56
Edition information 20
100 1# - MAIN ENTRY--PERSONAL NAME
Personal name Karalis, Edward.
245 10 - TITLE STATEMENT
Title Digital design principles and computer architecture /
Statement of responsibility, etc. Edward Karalis.
260 ## - PUBLICATION, DISTRIBUTION, ETC.
Place of publication, distribution, etc. Upper Saddle River, N.J. :
Name of publisher, distributor, etc. Prentice Hall,
Date of publication, distribution, etc. 1997.
300 ## - PHYSICAL DESCRIPTION
Extent xiii, 528 p. :
Other physical details illus. ;
Dimensions 25 cm.
650 #0 - SUBJECT ADDED ENTRY--TOPICAL TERM
Topical term or geographic name entry element Digital integrated circuits
General subdivision Design and construction.
650 #0 - SUBJECT ADDED ENTRY--TOPICAL TERM
Topical term or geographic name entry element Computer architecture.
942 ## - ADDED ENTRY ELEMENTS (KOHA)
Source of classification or shelving scheme Library of Congress Classification
Koha item type Books
Suppress in OPAC No
999 ## -
-- 8262
-- 8262
Holdings
Withdrawn status Lost status Source of classification or shelving scheme Damaged status Not for loan Collection Home library Current library Shelving location Date acquired Total checkouts Full call number Barcode Date last seen Copy number Price effective from Koha item type
    Library of Congress Classification     Non-fiction Science Library (Miotso) Science Library (Miotso) General stacks 11/13/2025   TK7874.65 .K37 KAR SLM00005829 11/13/2025 1 11/13/2025 Books
© 2023-2024 Copyright: Central University Libraries. All Rights Reserved | Created by: Mahone Tech Office